Mort subite : buteurs en finale de coupe du monde du football - Statistiques

Statistiques générales
  • Ce quiz a été pris 117 fois
  • Le résultat moyen est 7 sur 13
Answers on the Grid
Answers color-coded by a green-red scale on the quiz's grid according to % correct below.
Alessandro Altobelli
Andres Iniesta
Antoine Griezmann
Cristiano Ronaldo
Daniel Bertoni
Emmanuel Petit
Jorge Valdano
José Luis Brown
Kylian Mbappé
Lionel Messi
Luka Modric
Marco Materazzi
Mario Mandzukic
Mathaus
Paolo Maldini
Paul Breitner
Roberto Baggio
Rudi Voller
Thierry Henry
Xavi
 
Statistiques - réponses
Réponse % Correct
Kylian Mbappé
91%
Lionel Messi
85%
Andres Iniesta
83%
Antoine Griezmann
74%
Emmanuel Petit
72%
Mario Mandzukic
69%
Marco Materazzi
55%
Rudi Voller
27%
José Luis Brown
24%
Alessandro Altobelli
22%
Paul Breitner
22%
Jorge Valdano
21%
Daniel Bertoni
20%
Aucun quiz correspondant
Distribution des résultats
% des personnes avec chaque résultat
Percentile par nombre de réponses
Votre historique - résultats
Vous n’avez pas pris ce quiz